| 000 | 00362nam a2200133Ia 4500 | ||
|---|---|---|---|
| 008 | 211119s9999||||xx |||||||||||||| ||und|| | ||
| 082 |
_a541 _bKUM-P |
||
| 100 | _aKumar, Ashok | ||
| 245 | 0 | _aProtein Biotechnology | |
| 260 |
_bDiscovery Publishing House _aNew Delhi _c2000 |
||
| 300 | _a303p | ||
| 650 |
_ascience _vchemistryBotany _xGeneral Stack |
||
| 942 | _cBOOK | ||
| 999 |
_c104240 _d104240 |
||